Statistics for Anamaniacs Character Quiz

Click here to take the quiz!

General Stats

  • This quiz has been taken 17 times
  • The average score is 5 of 16

Answer Stats

HintAnswer% Correct
Warner brother, eats a lot.Wakko Warner
73%
Warner brother, likes to talk.Yakko Warner
73%
Warner sister, is famous for being cute.Dot Warner
67%
The aformentioned's dopey assistant.Pinky
40%
He wants to take over the world.The Brain
40%
Curious little girl who loves adventure.Mindy
33%
Sarcastic squirrel, comedy actress from the 1930s.Aunt Slappy
27%
The little girl's loyal dog.Buttons
27%
The Warner brothers' big crush.Hello Nurse
20%
A cat who loves to sing.Rita
20%
The aformentioned's happy niece.Skippy
20%
Security guard, always in pursuit of the Warners.Ralph
13%
The Warner's shrink.Dr. Scratch 'n' Sniff
7%
Head of the StudioMr. Ploz
7%
A silly dog, best friend of the above.Runts
0%
Three pigions who are always fighting.The Goodfeathers
0%

Score Distribution

Percentile by Number Answered

Percent of People with Each Score

Your Score History

You have not taken this quiz